00601naa a22001451i 4500003000900000005001700009008004100026040001600067100013000083245013900213500002900352773004600381942001300427999001500440KOSZ 00520171201144657.0171127s2010 pl ||||| |||| 00| ||pol d cKOSZ 005/ac1 aSŁOWIK, Adam.d2005 - .bPolitechnika Koszalińska - Wydział Elektroniki i Informatyki,cKatedra Inżynierii Komputerowej10aEwolucyjne projektowanie filtrów cyfrowych o nietypowych charakterystykach i skończonej długosci słowa bitowego /cAdam Słowik. aDane z listy A. Słowik.0 iW :tElektronika. -g2010, nr 9, s. 66-69 cART2UKD c8554d8554